000 nam a22 4500
999 _c16435
_d16435
005 20170105103008.0
007 0
008 0
040 _aDDC
_cDDC
082 _a891.4391 BAS
100 _aBasit Muhammad
245 _aIntakhab kalaam-e- Ghalib
260 _aKarachi
_bZainab House
_c2015
300 _a48
_bH.B
942 _2ddc
_cBK